| 000 | 00983nam a2200229Ia 4500 | ||
|---|---|---|---|
| 001 | L301-56894 | ||
| 003 | IT-CnALBA | ||
| 008 | 170116s9999||||xx |||||||||||||| ||und|| | ||
| 040 |
_aIT-CnALBA _cIT-CnALBA |
||
| 041 | _aITALIANO | ||
| 100 | _aBALDASSARRI GUIDO | ||
| 245 | 0 | _aQUESTI ITALIANI. | |
| 250 | _a1a ed. | ||
| 260 |
_a VENEZIA _bMARSILIO EDITORI _c2001 [1° Ed.:2001 - Ed.Ling.Originale: 2001] |
||
| 300 | _a220 p. | ||
| 500 | _aGUERRE. LA STORIA. L'ORECCHIO DI DIO. CITTADINANZE. LA CAMPAGNA DEL KOSOVO. OMBRE CINESI. PICCOLA STORIA D'ITALIA. DELIZIE NELL'INFORMATICA. VIAGGIARE INFORMATI. | ||
| 501 | _aSocietà San Paolo EM - Piazza San Paolo, 14 - 12051 ALBA (CN) (non commercial uses only) ® Copyright 2017 | ||
| 520 | _aGUERRE. LA STORIA. L'ORECCHIO DI DIO. CITTADINANZE. LA CAMPAGNA DEL KOSOVO. OMBRE CINESI. PICCOLA STORIA D'ITALIA. DELIZIE NELL'INFORMATICA. VIAGGIARE INFORMATI. | ||
| 650 | _aSCIENZE SOCIALI | ||
| 942 | _cBK | ||
| 957 | _71 | ||
| 999 |
_a74394 _bNO _g Copie: 1 _c315729 _d315729 |
||